Chủ tịch Hồ Chí Minh tiểu sử và sự nghiệp

Nghiên cứu Tiểu sử và sự nghiệp của chủ tịch Hồ Chí Minh từ năm 1860 - 1969

Shranjeno v:
Bibliografske podrobnosti
Format: Knjiga
Jezik:Vietnamese
Izdano: H. Chính trị Quốc gia 2002
Izdaja:Tái bản lần thứ 7
Teme:
Oznake: Označite
Brez oznak, prvi označite!
Thư viện lưu trữ: Mạng thư viện Đại học Đà Nẵng
LEADER 01263nam a2200361 4500
001 000009786
003 5984
005 20111102151154.0
008 111102s2002 viesd
020 |c 23500đ 
041 0 |a vie 
082 |a 335.5271  |b Ban 
245 0 |a Chủ tịch Hồ Chí Minh tiểu sử và sự nghiệp 
250 |a Tái bản lần thứ 7 
260 |a H.  |b Chính trị Quốc gia  |c 2002 
300 |a 274tr  |c 21cm 
500 |a ĐTTS ghi: Ban nghiên cứu lịch sử Đảng trung Ương 
504 |a Mục lục tr273 
520 |a Nghiên cứu Tiểu sử và sự nghiệp của chủ tịch Hồ Chí Minh từ năm 1860 - 1969 
653 |a Chủ tịch Hồ Chí Minh 
653 |a tiểu sử 
653 |a sử nghiệp 
910 |a Thương  |d 02/11/2011 
OWN |a LSP 
AVA |a UDN50  |b LSP  |d 335.5271 Ban  |e available  |t Error 5001 Not defined in file expand_doc_bib_avail.  |f 6  |g 0  |h N  |i 1  |k 1 
999 |a From the UDN01 
AVA |a UDN50  |b LSP  |d 335.5271 Ban  |e available  |t Error 5001 Not defined in file expand_doc_bib_avail.  |f 6  |g 0  |h N  |i 1  |k 1 
TYP |a Monograph 
TYP |a Printed language 
980 |a Mạng thư viện Đại học Đà Nẵng